Krishna’s mandala : (Record no. 31950)
[ view plain ]
| 000 -LEADER | |
|---|---|
| fixed length control field | 01382cam a2200337 a 4500 |
| 005 - DATE AND TIME OF LATEST TRANSACTION | |
| control field | 20060727202709.0 |
| 008 - FIXED-LENGTH DATA ELEMENTS--GENERAL INFORMATION | |
| fixed length control field | 970612s1997 ii b 001 0 eng |
| 010 ## - LCCN (DPL NO) | |
| LC control number | ENG-95514 |
| 020 ## - INTERNATIONAL STANDARD BOOK NUMBER | |
| International Standard Book Number | 9780198062769 |
| Terms of availability | 725.00 |
| 020 ## - INTERNATIONAL STANDARD BOOK NUMBER | |
| International Standard Book Number | 0198062761 |
| Terms of availability | 725.00 |
| 035 ## - SYSTEM CONTROL NUMBER | |
| System control number | EN-79047 |
| 037 ## - SOURCE OF ACQUISITION | |
| Source of stock number/acquisition | DBAD/PUB |
| 040 ## - CATALOGING SOURCE | |
| Original cataloging agency | DPL |
| 082 ## - DEWEY DECIMAL CLASSIFICATION NUMBER | |
| Classification number | 232 |
| 100 ## - MAIN ENTRY--PERSONAL NAME | |
| Personal name | Hudson, D. Dennis |
| 245 ## - TITLE STATEMENT | |
| Title | Krishna’s mandala : |
| Statement of responsibility, etc | D. Dennis Hudson ; edited and introduced by John Stratton Hawley with a foreword by Romila Thapar. |
| Remainder of title | Bhagavata religion and beyond / |
| 246 ## - VARYING FORM OF TITLE | |
| Title proper/short title | Bhagavata religion and beyond |
| 260 ## - PUBLICATION, DISTRIBUTION, ETC. (IMPRINT) | |
| Place of publication, distribution, etc | New Delhi |
| Name of publisher, distributor, etc | Oxford University Press, |
| Date of publication, distribution, etc | 2010 |
| 270 ## - ADDRESS | |
| Address | YMCA building, Jai singh road |
| City | New Delhi |
| Postal code | 110001 |
| 300 ## - PHYSICAL DESCRIPTION | |
| Extent | xxxvi, 298 p. |
| Dimensions | 22 cm.(Hb) |
| Other physical details | ill., map |
| 500 ## - GENERAL NOTE | |
| General note | Includes bibliographical references and index. |
| 650 ## - SUBJECT ADDED ENTRY--TOPICAL TERM | |
| Topical term or geographic name as entry element | Vaishnavism |
| Geographic subdivision | India |
| -- | Tamil Nadu |
| 650 ## - SUBJECT ADDED ENTRY--TOPICAL TERM | |
| Topical term or geographic name as entry element | Krishna (Hindu deity) |
| General subdivision | Cult |
| Geographic subdivision | India |
| -- | Tamil Nadu |
| 650 ## - SUBJECT ADDED ENTRY--TOPICAL TERM | |
| Topical term or geographic name as entry element | Hindu temples |
| Geographic subdivision | India |
| -- | Tamil Nadu |
| 651 ## - SUBJECT ADDED ENTRY--GEOGRAPHIC NAME | |
| Geographic name | Tamil Nadu (India) |
| General subdivision | Religion. |
| 700 ## - ADDED ENTRY--PERSONAL NAME | |
| Personal name | Hawley, John Stratton |
| 856 ## - ELECTRONIC LOCATION AND ACCESS | |
| Uniform Resource Identifier | <a href="http://www.loc.gov/catdir/enhancements/fy0640/97900357-d.html">http://www.loc.gov/catdir/enhancements/fy0640/97900357-d.html</a> |
| 942 ## - ADDED ENTRY ELEMENTS (KOHA) | |
| Source of classification or shelving scheme | Dewey Decimal Classification |
| Item type | English Books |
| Call number suffix | HUD |
| Classification part | 232 |
| Withdrawn status | Lost status | Source of classification or shelving scheme | Damaged status | Not for loan | Collection code | Home library | Current library | Date acquired | Source of acquisition | Cost, normal purchase price | Total Checkouts | Full call number | Barcode | Date last seen | Copy number | Cost, replacement price | Koha item type |
|---|---|---|---|---|---|---|---|---|---|---|---|---|---|---|---|---|---|
| Dewey Decimal Classification | Not For Loan | Non-fiction | D.B.Act.Division | D.B.Act.Division | 20/11/2009 | DBAD / PUB | 725.00 | 232 HUD | EN-79047 | 20/11/2009 | 1 | 725.00 | English Books |
